En plena locura (Record no. 114987)

MARC details
000 -LEADER
campo de control de longitud fija 01477nam a2200349 i 4500
001 - NÚMERO DE CONTROL
campo de control 114987
003 - IDENTIFICADOR DE NÚMERO DE CONTROL
campo de control ES-MaACL
005 - FECHA Y HORA DE LA ÚLTIMA TRANSACCIÓN
campo de control 20251204122007.0
007 - CAMPO FIJO DE DESCRIPCIÓN FÍSICA--INFORMACIÓN GENERAL
campo de control de longitud fija t|
008 - DATOS DE LONGITUD FIJA--INFORMACIÓN GENERAL
campo de control de longitud fija 070214s1928 sp a |||| | spa d
080 ## - NÚMERO DE LA CLASIFICACIÓN DECIMAL UNIVERSAL
Número de la Clasificación Decimal Universal 821.134.2-2"19"
100 1# - ENTRADA PRINCIPAL--NOMBRE DE PERSONA
Nombre de persona Borrás, Tomás,
Fechas asociadas al nombre 1891-1976
9 (RLIN) 30556
245 10 - MENCIÓN DEL TÍTULO
Título En plena locura
Resto del título : revista en veintiún cuadros /
Mención de responsabilidad, etc. Tomás Borrás y S. Franco Padilla ; música de Benlloch, Granados y Terés ; figurines de José Zamora ; decorado de Manuel Fontanals y hermanos Tarazona ; dirección escénica de Eulogio Velasco.
260 ## - PUBLICACIÓN, DISTRIBUCIÓN, ETC.
Lugar de publicación, distribución, etc. Madrid :
Nombre del editor, distribuidor, etc. Rivadeneyra,
Fecha de publicación, distribución, etc. 1928.
300 ## - DESCRIPCIÓN FÍSICA
Extensión 48 p. :
Otras características físicas il. ;
Dimensiones 18 cm.
490 1# - MENCIÓN DE SERIE
Mención de serie La Farsa ;
Designación de volumen o secuencia Suplemento
500 ## - NOTA GENERAL
Nota general Estrenada en el teatro Victoria Eugenia de San Sebastián el 7 de octubre de 1926, y en Madrid, en el Teatro de Price, el 10 de febrero de 1928.
530 ## - NOTA DISPONIBLE DE FORMULARIO FÍSICO ADICIONAL
Nota de formato físico adicional disponible Disponible en formato digital.
700 1# - ENTRADA AGREGADA--NOMBRE PERSONAL
Nombre de persona Franco Padilla, S.
9 (RLIN) 52259
700 1# - ENTRADA AGREGADA--NOMBRE PERSONAL
Nombre de persona Benlloch, Julián.
9 (RLIN) 27718
700 1# - ENTRADA AGREGADA--NOMBRE PERSONAL
Nombre de persona Granados, Enrique.
9 (RLIN) 59558
700 1# - ENTRADA AGREGADA--NOMBRE PERSONAL
Nombre de persona Terés, Bernardino.
9 (RLIN) 109736
700 1# - ENTRADA AGREGADA--NOMBRE PERSONAL
Nombre de persona Zamora, José (
Fechas asociadas al nombre 1889-1971)
9 (RLIN) 158716
700 1# - ENTRADA AGREGADA--NOMBRE PERSONAL
Nombre de persona Fontanals, Manuel (
Fechas asociadas al nombre 1893-1972)
9 (RLIN) 164363
700 1# - ENTRADA AGREGADA--NOMBRE PERSONAL
Nombre de persona Tarazona.
9 (RLIN) 109267
700 1# - ENTRADA AGREGADA--NOMBRE PERSONAL
Nombre de persona Velasco, Eulogio.
9 (RLIN) 113716
830 0# - PUNTO DE ACCESO ADICIONAL DE SERIE-TÍTULO UNIFORME
Título uniforme La Farsa ;
Designación de volumen o secuencia Suplemento
9 (RLIN) 185863
852 ## - LOCALIZACIÓN
Ubicación ES-MaACL
Número de control de estantería C-13225
Ubicación en estantería Sala Palomar
856 4# - LOCALIZACIÓN Y ACCESO ELECTRÓNICOS
Identificador Uniforme de Recursos <a href="http://www.archive.org/details/enplenalocurarev00benl ">http://www.archive.org/details/enplenalocurarev00benl </a>
Texto de enlace (Internet Archive)
942 ## - ELEMENTOS DE ENTRADA SECUNDARIOS (KOHA)
Fuente del sistema de clasificación o colocación Clasificación decimal universal
Holdings
Estatus retirado Estado de pérdida Estado de daño No para préstamo Colección Biblioteca de origen Biblioteca actual Ubicación en estantería Fecha de adquisición Fuente de adquisición Total de préstamos Signatura topográfica completa Código de barras Visto por última vez Precio de reemplazo Tipo de ítem Koha
        Colección digital Biblioteca del Ateneo de Madrid Biblioteca del Ateneo de Madrid Sala Palomar 17/01/2008     C-13225 1119908 23/02/2023 23/02/2023 Libro impreso